Music Quiz

Random Music or Lyrics Quiz

'Desperado' Lyrics Quiz Stats

 Plays Quiz Updated Jul 8, 2017

Support Sporcle.
Go Orange.
Score 0/212 Timer 08:00
2 Plays Today
% Correct
Desperado,
97.8%
Desperado,
97.8%
Desperado,
97.8%
you
96.6%
you
96.6%
you
96.6%
you
96.6%
you
96.6%
you
96.6%
You
96.6%
you
96.6%
you
96.6%
you
96.6%
you
96.6%
you
96.6%
you.
96.6%
You
96.6%
you,
96.6%
you,
96.6%
you
96.6%
you
96.6%
to
94.2%
to
94.2%
to
94.2%
to
94.2%
I
94%
a
93.5%
a
93.5%
your
93.4%
your
93.4%
your
93.4%
your
93.4%
Your
93.4%
your
93.4%
Your
93.4%
your
93.4%
your
93.4%
your
93.4%
your
93.4%
why
92.8%
why
92.8%
don't
92.5%
Don't
92.5%
Don't
92.5%
don't
92.5%
be
91.6%
come
91.1%
come
91.1%
Come
91.1%
the
90.2%
the
90.2%
the
90.2%
the
90.2%
The
90.2%
the
90.2%
the
90.2%
the
90.2%
the
90.2%
the
90.2%
senses?
90.1%
senses?
90.1%
so
89.6%
for
88%
fences
86.4%
fences.
86.4%
long
85.8%
been
85.7%
been
85.7%
out
85.4%
it
85%
it
85%
% Correct
It
85%
You've
84.3%
no
84.2%
and
81%
And
81%
and
81%
and
81%
know
80.4%
know
80.4%
now.
80.2%
Now,
80.2%
some
79.4%
some
79.4%
ridin'
79.4%
that
79%
that
79%
that
79%
is
78.3%
is
78.3%
of
78%
of
78%
me,
77.2%
one.
76.9%
in
76.7%
It's
76.3%
it's
76.3%
from
75.6%
from
75.6%
can
75.2%
you're
73.8%
You're
73.8%
get.
73.7%
get
73.7%
bet.
73%
love
72.7%
love
72.7%
love
72.7%
but
72.4%
but
72.4%
if
72.2%
hard
71.8%
hard
71.8%
too
71.4%
time?
71.2%
time
71.2%
have
70.3%
down
69.7%
got
69.2%
are
68.2%
can't
67.8%
best
67.6%
Queen
67.1%
Queen
67.1%
Oh,
67%
oh,
67%
oh
67%
won't
66.7%
won't
66.7%
let
66.4%
let
66.4%
let
66.4%
Hearts
66.2%
Diamonds,
66%
always
65.5%
things
64.4%
things
64.4%
want
64.3%
before
64.2%
somebody
64.2%
somebody
64.2%
somebody
64.2%
% Correct
late.
64.2%
she's
63.3%
all
63.2%
all
63.2%
seems
62.8%
She'll
62.7%
how
62.6%
sun
62.6%
able.
62.5%
boy.
62.4%
winter
62.3%
cold
62.3%
reasons.
61.8%
feet
61.1%
shine.
61%
day.
60.3%
table
59.1%
better
58.7%
better
58.7%
night
58.6%
ain't
58.5%
Ain't
58.5%
hurt
58%
upon
57.6%
only
57.2%
laid
57.1%
beat
56.7%
These
56.6%
tell
56.6%
this
56%
ones
55.8%
fine
55.5%
just
55.4%
pain
54.7%
away?
53.5%
hunger,
52.9%
may
52.4%
there's
52.3%
freedom,
52.2%
freedom.
52.2%
draw
52.2%
goes
52%
gettin'
51.9%
younger.
51.7%
feeling
51.5%
sky
51.5%
somehow.
51.3%
home.
51.3%
people
51%
funny
51%
alone.
51%
above
50.8%
world
50.6%
drivin'
49.8%
rainbow
49.8%
raining,
49.5%
Well,
49.5%
pleasin'
49.4%
that's
49.4%
talkin'.
49.1%
snow
47.8%
walking
47.5%
through
47%
highs
46.8%
lows.
46.8%
they're
46.4%
prison
44.3%
losin'
43.6%
Open
43.2%
gate.
42.7%

You're not logged in!

Compare scores with friends on all Sporcle quizzes.
OR
Log In
Forgot?

From the Vault

Famous Firsts

by Ben

Firstly, take this quiz. Then, if at first you don't succeed, try try again.
Remove Ads.
Support Sporcle.
Get the best of Sporcle when you Go Orange. This ad-free experience offers more features, more stats, and more fun while also helping to support Sporcle. Thank you for becoming a member.

Show Comments

Extras

Top Quizzes Today


Score Distribution

Your Account Isn't Verified!

In order to create a playlist on Sporcle, you need to verify the email address you used during registration. Go to your Sporcle Settings to finish the process.

Report this User

Report this user for behavior that violates our Community Guidelines.

Details: